[Event "Troll Masters"]
[Site "Gausdal"]
[Date "1993.??.??"]
[Round "4"]
[White "Ivanov, Igor V"]
[Black "Rausis, Igors"]
[Result "1/2-1/2"]
[WhiteElo "2530"]
[BlackElo "2560"]

1.d4 d5 2.c4 Bf5 3.cxd5 Bxb1 4.Qa4+ c6 5.Rxb1 Qxd5 6.Nf3 Nd7 7.e3 Nb6 8.Qb3 e6
9.Qxd5 Bb4+ 10.Bd2 Bxd2+ 11.Kxd2 exd5 12.b4 Nf6 13.Bd3 a6 14.Rhc1 O-O 15.Ke2 Ne8
16.Ra1 Nd6 17.a4 f6 18.Nd2 Rfe8 19.g4 g6 20.h4 Re7 21.a5 Nd7 22.Nb3 Kg7 23.h5 Nf8
24.hxg6 hxg6 25.Rh1 Ne6 26.Kd2 Ng5 27.Nc5 Nge4+ 28.Ke2 Nxc5 29.bxc5 Nb5 30.Bxb5 axb5
31.Rh2 Kf7 32.Rh7+ Ke6 33.Rxe7+ Kxe7 34.Rh1 Rxa5 35.Rh7+ Ke6 36.Rxb7 g5 37.Kf3 Ra6
38.Rh7 Ra8 39.Rc7 Ra6 40.Kg3 f5 41.Rh7 fxg4 42.Kxg4 Ra2 43.Rc7 Rxf2 44.Rxc6+ Ke7
45.Rb6 Re2 46.Kf3 Rh2 47.Rxb5 Rh3+ 48.Ke2 g4 49.c6 Rh2+ 50.Kd3 Rh5 51.Rc5 Kd8
52.Ke2 Kc7 53.e4 Rh2+ 54.Ke3 dxe4 55.d5 g3 56.d6+ Kxd6 57.c7 g2 58.Rc6+ Kd5
59.Rc5+ Kd6 60.Rc6+ Kd5 61.Rc5+ Kd6  1/2-1/2

[Event "Troll Masters"]
[Site "Gausdal"]
[Date "1993.??.??"]
[Round "5"]
[White "Scholseth, Tor Kristian"]
[Black "Ivanov, Igor V"]
[Result "1/2-1/2"]
[WhiteElo "2290"]
[BlackElo "2530"]

1.d4 Nf6 2.c4 g6 3.Nc3 Bg7 4.e4 d6 5.f4 O-O 6.Nf3 c5 7.d5 e5 8.fxe5 dxe5
9.Be2 Ne8 10.O-O Bg4 11.Be3 Nd7 12.a3 Bxf3 13.Bxf3 Nd6 14.Qe2 a6 15.Rac1 Rc8
16.b3 f5 17.Kh1 Qe7 18.Qc2 f4 19.Bf2 h5 20.Qe2 Rf7 21.Na4 Qd8 22.Rc2 Qa5
23.Be1 Qc7 24.Bf2 Bf8 25.Rb1 Rh7 26.Rbc1 b6 27.Nb2 Nf7 28.Nd3 Nf6 29.b4 g5
30.bxc5 bxc5 31.Qe1 g4 32.Bh4 Ne8 33.Bd1 Be7 34.Rb2 Bxh4 35.Qxh4 Ned6 36.Rcb1 Nxc4
37.Rb7 Qd6 38.Bxg4 Qd8 39.Qxd8+ Rxd8 40.Bf5 Rg7 41.Nxc5 Ncd6 42.Ne6 Nxb7
43.Nxg7 Kxg7 44.Rxb7 Kf6 45.Ra7 Nd6 46.Rxa6 Kg5 47.Bh7 Kh6 48.Bf5 Kg5 49.Bh7 Kf6
50.Ra7 h4 51.Kg1 Rb8 52.Ra6 Rd8 53.Ra7 Rb8 54.Ra6 Rd8 55.Ra7 Rb8  1/2-1/2

[Event "Gausdal MI9394"]
[Site "Gausdal"]
[Date "1993.??.??"]
[Round "6"]
[White "Ivanov, Igor V"]
[Black "Ernst, Thomas"]
[Result "1-0"]
[WhiteElo "2505"]
[BlackElo "2480"]

1.d4 Nf6 2.c4 g6 3.Nc3 d5 4.cxd5 Nxd5 5.g3 Bg7 6.Bg2 Nxc3 7.bxc3 c5 8.e3 Nc6
9.Ne2 cxd4 10.cxd4 Bd7 11.Rb1 b6 12.d5 Na5 13.Bd2 Nc4 14.Bc3 Bxc3+ 15.Nxc3 Rc8
16.Qd4 O-O 17.O-O Qc7 18.Rbc1 Qe5 19.Ne2 Qxd4 20.Nxd4 Na5 21.Nc6 Bxc6 22.dxc6 Rfd8
23.h4 Kf8 24.Rc2 Rc7 25.g4 e6 26.Rfc1 Ke7 27.Kh2 e5 28.g5 Rd6 29.Kg3 Ke6
30.Be4 Ke7 31.Kg4 Ke6 32.Bf3 Ke7 33.Bg2 Ke6 34.f4 exf4 35.Kxf4 Ke7 36.Ke5 Rd3
37.Rc3 Rd6 38.Bd5 f6+ 39.gxf6+ Rxf6 40.e4 Rf2 41.R3c2 Rf6 42.Kd4 Kd8 43.e5 Rf4+
44.Ke3 Rxh4 45.Rf2 Rh5 46.Ke4 Rh4+ 47.Rf4 Rxf4+ 48.Kxf4 Ke7 49.Kg5 b5 50.Rh1 Kd8
51.Rd1 Ke8 52.e6 a6 53.Rc1 Nc4 54.Bxc4 bxc4 55.Kf6 Rxc6 56.Rb1 Kd8 57.Kf7 Rc8
58.Rb7 Ra8 59.Kf8 c3 60.Rxh7  1-0

[Event "Gausdal MI9394"]
[Site "Gausdal"]
[Date "1993.??.??"]
[Round "7"]
[White "Kristensen, Bjarke"]
[Black "Ivanov, Igor V"]
[Result "1/2-1/2"]
[WhiteElo "2470"]
[BlackElo "2505"]

1.e4 c5 2.Nf3 d6 3.d4 cxd4 4.Nxd4 Nf6 5.Nc3 Nc6 6.Be2 g6 7.O-O Bg7 8.Be3 O-O
9.Qd2 Bd7 10.Rad1 Rc8 11.f3 a6 12.a4 Qc7 13.Nb3 Rfe8 14.Qe1 Nb4 15.Rd2 Be6
16.Nd4 Bc4 17.Qf2 e5 18.Bxc4 Qxc4 19.Nde2 d5 20.b3 Qc6 21.exd5 Nbxd5 22.Nxd5 Nxd5
23.Bg5 h6 24.c4 Nb4 25.Be3 Rcd8 26.Rfd1 Rxd2 27.Rxd2 e4 28.Nd4 Qf6 29.fxe4 Qe5
30.Qf4 Qxf4 31.Bxf4 Rxe4 32.Ne2 g5 33.Bd6 Nc6 34.Kf2 Nd4 35.Nxd4 Bxd4+ 36.Kf1 f5
37.Bg3 Kf7 38.Bf2 Bxf2 39.Kxf2 Kf6 40.a5  1/2-1/2

[Event "Gausdal MI9394"]
[Site "Gausdal"]
[Date "1993.??.??"]
[Round "8"]
[White "Bern, Ivar"]
[Black "Ivanov, Igor V"]
[Result "1-0"]
[WhiteElo "2370"]
[BlackElo "2505"]

1.Nf3 d5 2.c4 e6 3.d4 Nf6 4.Bg5 c6 5.e3 Nbd7 6.a3 Be7 7.Nc3 a6 8.c5 e5 9.dxe5 Ng8
10.h4 Nxc5 11.Qc2 Ne6 12.O-O-O Qa5 13.e4 d4 14.Nxd4 Nxg5 15.hxg5 Bxg5+ 16.Kb1 Qxe5
17.g3 Qa5 18.f4 Be7 19.e5 Nh6 20.Bg2 Bg4 21.Nxc6 Bxd1 22.Rxd1 bxc6 23.Bxc6+ Kf8
24.Bxa8 g6 25.Rd7 Kg7 26.Bd5 Re8 27.Qb3 Kf8 28.Qb7 Nf5 29.g4 Ne3 30.e6 f5
31.Rxe7 Rxe7 32.Qb8+ Re8 33.Qe5 Nxd5 34.Nxd5  1-0

[Event "Troll Masters"]
[Site "Gausdal"]
[Date "1993.??.??"]
[Round "8"]
[White "Ivanov, Igor V"]
[Black "Hakulinen, Esko Matti"]
[Result "1-0"]
[WhiteElo "2530"]
[BlackElo "2355"]

1.d4 d5 2.c4 e6 3.Nc3 Be7 4.Nf3 Nf6 5.Bg5 h6 6.Bxf6 Bxf6 7.Qb3 c6 8.O-O-O O-O
9.e4 dxc4 10.Bxc4 Nd7 11.h4 g6 12.h5 g5 13.e5 Be7 14.Nh2 Nb6 15.Ng4 Kg7 16.Rh3 Nd5
17.Rf3 a5 18.Qc2 a4 19.Nxh6 Nf4 20.Ng4 b5 21.Ne4 Rh8 22.h6+ Kf8 23.g3 bxc4
24.gxf4 gxf4 25.Qd2 a3 26.Qxf4 axb2+ 27.Kb1 Rh7 28.Ngf6 Rh8 29.Qg5 Bxf6 30.Rxf6 Rg8
31.Qh5  1-0

[Event "Troll Masters"]
[Site "Gausdal"]
[Date "1993.??.??"]
[Round "9"]
[White "Ivanov, Igor V"]
[Black "Westerinen, Heikki MJ"]
[Result "1/2-1/2"]
[WhiteElo "2530"]
[BlackElo "2380"]

1.d4 d5 2.c4 dxc4 3.e3 e6 4.Bxc4 Nf6 5.Nf3 c5 6.O-O Nc6 7.Qe2 cxd4 8.exd4 Be7
9.Nc3 O-O 10.Be3 Nd5 11.Rad1 b6 12.Ne5 Nxc3 13.bxc3 Nxe5 14.dxe5 Qc7 15.Rd4 Bb7
16.Qh5 g6 17.Qg4 Bc5 18.Bh6 Bxd4 19.Qxd4 Qc6 20.f3 Qc5 21.Qxc5 bxc5 22.Bxf8 Kxf8
23.Rb1 Bc6 24.Kf2 Ke7 25.h4 h6 26.Ke3 Kd7 27.g4 Kc7 28.f4 Rd8 29.a4 Bxa4
30.Ra1 Bd7 31.Rxa7+ Kb6 32.Ra6+ Kb7 33.Rd6 Kc7 34.f5 gxf5 35.gxf5 Re8 36.Rxd7+ Kxd7
37.Bb5+ Kd8 38.Bxe8 Kxe8 39.f6 Kd7 40.Kf4 Kc6 41.c4 Kd7 42.Kg4 Ke8 43.Kg3 Kf8
44.Kf3 Kg8 45.Ke4 Kf8 46.Ke3 Ke8  1/2-1/2

[Event "Las Vegas op"]
[Site "Las Vegas"]
[Date "1993.??.??"]
[Round "1"]
[White "Hanley, Joe"]
[Black "Ivanov, Igor V"]
[Result "0-1"]
[WhiteElo "2115"]
[BlackElo "2530"]

1.e4 e5 2.Nc3 Nc6 3.g3 Bc5 4.Bg2 d6 5.Nge2 h5 6.Na4 h4 7.Nxc5 dxc5 8.d3 h3
9.Bf3 Qf6 10.Nc3 Nd4 11.Be2 Ne7 12.f4 Be6 13.fxe5 Qg6 14.Bf4 O-O-O 15.Qd2 Nec6
16.Bd1 Rh5 17.Bxh5 Qxh5 18.O-O g5 19.Be3 Nxe5 20.Qf2 Ng4 21.Qd2 Nxe3 22.Qxe3 Nxc2
23.Qxc5 Nxa1 24.Nb5 c6 25.Nxa7+ Kd7 26.Rxa1 Qe2 27.Qd4+ Kc7 28.Nb5+ cxb5
29.Rc1+ Bc4 30.Qf2 Qxf2+ 31.Kxf2 Rxd3 32.b3 Kc6 33.bxc4 b4 34.Ke2 Ra3 35.Rc2 Kc5
36.Kf2 g4 37.Ke2 f6 38.Kf2 b6 39.Ke1 Re3+ 40.Kd2 Rxe4 41.Kd3 Rd4+ 42.Ke3 Rxc4
43.Rf2 Rc3+ 44.Ke4 Rf3 45.Rc2+ Kb5 46.Kd4 f5 47.Ke5 Ka4  0-1

[Event "Las Vegas op"]
[Site "Las Vegas"]
[Date "1993.??.??"]
[Round "3"]
[White "Herzog, Martin"]
[Black "Ivanov, Igor V"]
[Result "0-1"]
[WhiteElo "2265"]
[BlackElo "2530"]

1.d4 Nf6 2.c4 e6 3.Nc3 Bb4 4.Qc2 d5 5.e3 O-O 6.Nf3 b6 7.cxd5 Qxd5 8.Bd2 Bxc3
9.Bxc3 Bb7 10.Be2 Nbd7 11.O-O Rac8 12.Ne1 c5 13.Bf3 Ne4 14.Bxe4 Qxe4 15.Qxe4 Bxe4
16.f3 Bg6 17.dxc5 Nxc5 18.Bb4 Rfd8 19.e4 a5 20.Bxc5 Rxc5 21.Rf2 f5 22.exf5 Bxf5
23.g4 Bg6 24.Ng2 e5 25.Re2 Rf8 26.Kf2 Bd3 27.Rd2 Be4 28.Ne1 Bxf3 29.Nxf3 e4
30.Ke3 exf3 31.Rf1 Rg5 32.Rd4 h5 33.h3 hxg4 34.hxg4 f2 35.Re4 Rb5 36.b3 Rb4
37.Rxb4 axb4 38.Rxf2 Rxf2 39.Kxf2 Kf7 40.Ke3 Kf6 41.Kf4 Kg6  0-1

[Event "Troll Masters"]
[Site "Gausdal"]
[Date "1994.??.??"]
[Round "2"]
[White "Ivanov, Igor V"]
[Black "King, Daniel J"]
[Result "0-1"]
[WhiteElo "2480"]
[BlackElo "2455"]

1.d4 Nf6 2.c4 e6 3.Nf3 d5 4.Bg5 Be7 5.Nc3 O-O 6.e3 h6 7.Bh4 b6 8.Bd3 Bb7
9.Bxf6 Bxf6 10.cxd5 exd5 11.Qb3 c5 12.dxc5 Nd7 13.c6 Bxc6 14.O-O Nc5 15.Qd1 Qd7
16.Nd4 Bxd4 17.exd4 Na4 18.Nxa4 Bxa4 19.Qf3 Bb5 20.Bf5 Qd6 21.Rfe1 Rfe8 22.h4 Qf6
23.Qg4 g6 24.Bc2 h5 25.Qg5 Qxd4 26.Red1 Qe5 27.Rxd5 Qxg5 28.Rxg5 Bd7 29.Rd1 Be6
30.f4 Bg4 31.Rdd5 Rad8 32.Bb3 Kg7 33.Rxd8 Rxd8 34.Rd5 Re8 35.Re5 Rxe5 36.fxe5 Be6
37.Bxe6 fxe6 38.Kh2 g5 39.Kh3 Kg6 40.hxg5 Kxg5 41.g3 b5 42.a3 a6 43.b4 Kg6
44.Kh4 Kh6 45.g4 hxg4 46.Kxg4 Kg6 47.Kf4 Kh5 48.Ke4 Kg4 49.Kd4 Kf4 50.Kc5 Kxe5
51.Kb6 Kd5 52.Kxa6 e5 53.Kxb5 e4  0-1

[Event "Troll Masters"]
[Site "Gausdal"]
[Date "1994.??.??"]
[Round "6"]
[White "Ivanov, Igor V"]
[Black "Fyllingen, Roy Harald"]
[Result "0-1"]
[WhiteElo "2480"]
[BlackElo "2330"]

1.d4 Nf6 2.c4 e6 3.Nc3 Bb4 4.e3 O-O 5.Bd3 d5 6.a3 Be7 7.Nf3 Nbd7 8.b4 b6
9.cxd5 exd5 10.Qb3 Bb7 11.O-O Re8 12.a4 a5 13.b5 Bd6 14.Ba3 Nf8 15.Rfc1 g6
16.Rc2 Ne6 17.h3 Kg7 18.Rac1 Re7 19.Ne5 Re8 20.Ne2 Rc8 21.f4 Bxa3 22.Qxa3 Nd7
23.Rc3 Nxe5 24.dxe5 d4 25.Rc4 dxe3 26.Be4 Bxe4 27.Rxe4 Qd2 28.Rxe3 Nc5 29.Rc4 Rcd8
30.Ng3 Rd3 31.Rxd3 Nxd3 32.Nh1 Nxf4 33.Qf3 Ne2+ 34.Kh2 Rxe5 35.Ng3 Nd4 36.Qa8 Re3
37.Nf1 Rxh3+ 38.Kxh3 Qd3+ 39.Ne3 Qxe3+ 40.Kh2 Qf4+ 41.Kh3  0-1

[Event "Las Vegas op"]
[Site "Las Vegas"]
[Date "1994.??.??"]
[Round "?"]
[White "De Firmian, Nick E"]
[Black "Ivanov, Igor V"]
[Result "1-0"]
[WhiteElo "2580"]
[BlackElo "2480"]

1.e4 e5 2.Nf3 Nc6 3.Bb5 a6 4.Ba4 d6 5.d4 b5 6.Bb3 Nxd4 7.Nxd4 exd4 8.c3 Nf6
9.Qxd4 Bb7 10.O-O Be7 11.Re1 c5 12.Qd1 O-O 13.Bc2 Re8 14.Bf4 g6 15.h3 d5
16.e5 Nh5 17.Bh2 c4 18.Nd2 d4 19.Be4 dxc3 20.bxc3 Bxe4 21.Nxe4 Qxd1 22.Raxd1 Rad8
23.Nd6 Bxd6 24.exd6 Rxe1+ 25.Rxe1 Nf6 26.Kf1 h6 27.a4 Nd5 28.axb5 axb5 29.Be5 b4
30.cxb4 f6 31.Bg3 f5 32.Rd1 Nxb4 33.Rd4 Nd3 34.Rxc4 f4 35.Rd4 fxg3 36.Rxd3 Kf7
37.d7 g5 38.Rd6 h5 39.fxg3 g4 40.h4 Ke7 41.Rh6 Rxd7 42.Rxh5 Kf6 43.Rg5 Rd4
44.Ke2 Re4+ 45.Kd3 Ra4 46.Ke3 Ra3+ 47.Kf2 Ra2+ 48.Kg1 Ra1+ 49.Kh2 Ra4 50.Rb5 Rc4
51.Rb3 Kf5 52.Kg1 Ra4 53.Kf2 Re4 54.Rb8 Ra4 55.Rf8+ Ke5 56.Rg8 Ra2+ 57.Ke1 Ra1+
58.Kd2 Ra2+ 59.Kc1 Kd4 60.Kb1 Rxg2 61.Rxg4+ Kc3 62.Rg5 Rh2 63.h5 Kb3 64.Kc1 Kc3
65.Kd1 Kd3 66.Ke1 Ke3 67.Kf1 Kf3 68.Kg1 Rh3 69.g4 Rg3+ 70.Kh2 Kf4 71.Rg7 Ra3
72.h6 Ra2+ 73.Kh3 Ra1 74.h7  1-0

[Event "Las Vegas op"]
[Site "Las Vegas"]
[Date "1994.??.??"]
[Round "?"]
[White "Dlugy, Maxim"]
[Black "Ivanov, Igor V"]
[Result "0-1"]
[WhiteElo "2555"]
[BlackElo "2480"]

1.d4 g6 2.e4 Bg7 3.c4 d6 4.Nc3 Nc6 5.Be3 e5 6.d5 Nce7 7.g4 Nf6 8.Be2 h6 9.f3 c5
10.Nh3 g5 11.Nf2 Ng6 12.a3 Nf4 13.Bf1 h5 14.h3 b6 15.b4 Kf8 16.Qb3 Nd7 17.Ne2 h4
18.Bd2 cxb4 19.axb4 a5 20.Nd1 axb4 21.Rxa8 Nc5 22.Nxf4 Nxb3 23.Nd3 Nd4 24.Kf2 b3
25.Be3 Kg8 26.Bxd4 exd4 27.Ra3 Qc7 28.N1b2 b5 29.Be2 bxc4 30.Nxc4 Qxc4 31.Rc1 Qxc1  0-1

[Event "Las Vegas op"]
[Site "Las Vegas"]
[Date "1994.??.??"]
[Round "?"]
[White "Ivanov, Igor V"]
[Black "Browne, Walter S"]
[Result "1-0"]
[WhiteElo "2480"]
[BlackElo "2510"]

1.d4 Nf6 2.c4 e6 3.Nc3 Bb4 4.e3 c5 5.Bd3 Nc6 6.a3 Bxc3+ 7.bxc3 O-O 8.e4 b6
9.Bg5 h6 10.Bh4 e5 11.d5 Nb8 12.Qf3 g5 13.Bg3 d6 14.h4 Bg4 15.Qe3 Nh5 16.hxg5 hxg5
17.Be2 Nf4 18.Bxf4 exf4 19.Qd3 Bxe2 20.Qh3  1-0

[Event "New York Marshall/Enhance"]
[Site "New York"]
[Date "1994.??.??"]
[Round "1"]
[White "Frias, Victor J"]
[Black "Ivanov, Igor V"]
[Result "1-0"]
[WhiteElo "2480"]
[BlackElo "2485"]

1.d4 Nf6 2.c4 e6 3.Nf3 b6 4.g3 Bb7 5.Bg2 Bb4+ 6.Bd2 Be7 7.Nc3 O-O 8.O-O Na6
9.d5 exd5 10.Nh4 c6 11.cxd5 Nxd5 12.Nf5 Bf6 13.Nxd5 cxd5 14.Rb1 d6 15.Bf4 Be5
16.Bxe5 dxe5 17.Bxd5 Bxd5 18.Qxd5 Qf6 19.Qf3 g6 20.Nd4 Qxf3 21.Nxf3 f6 22.Rfd1 Rfd8
23.Rbc1 Kf7 24.Kf1 Rxd1+ 25.Rxd1 Ke6 26.Rc1 Rd8 27.Ke1 e4 28.Nd2 f5 29.Nb3 Ke5
30.a3 f4 31.gxf4+ Kxf4 32.Rc4 b5 33.Rc6 Nb8 34.Rc5 a6 35.Rc7 h5 36.Nc5 Ke5
37.b4 Re8 38.Rg7 Kf5 39.Rf7+ Kg4 40.Nxe4 Kh3 41.Rf4 Re5 42.Nd2 g5 43.Rf3+ Kxh2
44.Nf1+ Kg2 45.Rg3+ Kh1 46.f3 h4 47.Rg4 h3  1-0

[Event "New York op"]
[Site "New York"]
[Date "1994.??.??"]
[Round "1"]
[White "Blum, Gernot"]
[Black "Ivanov, Igor V"]
[Result "0-1"]
[WhiteElo "2225"]
[BlackElo "2480"]

1.c4 f5 2.Nf3 g6 3.Nc3 Nf6 4.g3 Bg7 5.Bg2 O-O 6.O-O d6 7.b4 e5 8.Rb1 h6 9.d3 g5
10.Qb3 Be6 11.Bxg5 hxg5 12.Nxg5 Bc8 13.c5+ d5 14.Nxd5 Kh8 15.Qc4 Nh7 16.Qh4 Qxg5
17.Qxg5 Nxg5 18.Nxc7 f4 19.Nxa8 Nc6 20.h4 Ne6 21.Bd5 Ned4 22.Rfe1 fxg3 23.fxg3 Bg4
24.Nc7 Nxe2+ 25.Rxe2 Bxe2 26.Ne6 Bxd3 27.Rb3 e4 28.Nxf8 Bxf8 29.Kg2 Kg7 30.a4 Kf6
31.g4 Ke5 32.Bxc6 bxc6 33.b5 cxb5 34.c6 bxa4 35.Rxd3 exd3 36.c7 d2 37.c8=Q d1=Q
38.Qe8+ Kd5 39.Qf7+ Ke4 40.Qf5+ Ke3 41.Qe5+ Kd3 42.Qd5+ Kc2 43.Qf5+ Qd3 44.Qxf8 a3
45.Qc5+ Kb2 46.Qe5+ Kb1 47.Qe1+ Kc2 48.Qe6 Qb3 49.Qf5+ Kc1 50.Qf4+ Kb1 51.Qf1+ Kb2
52.Qf6+ Qc3 53.Qa6 a2 54.Qb5+ Kc1 55.Qf1+ Kc2 56.Qf5+ Qd3 57.Qc5+ Kb1 58.Qb4+ Kc1
59.Qe1+ Kc2 60.Qe5 Qd2+ 61.Kg1 Qd1+  0-1

[Event "New York op"]
[Site "New York"]
[Date "1994.??.??"]
[Round "2"]
[White "Ivanov, Igor V"]
[Black "Markzon, Gregory"]
[Result "1-0"]
[WhiteElo "2480"]
[BlackElo "2290"]

1.Nf3 Nf6 2.c4 g6 3.Nc3 Bg7 4.e4 d6 5.d4 O-O 6.Be2 e5 7.d5 a5 8.O-O Na6 9.Bg5 h6
10.Bh4 Nc5 11.Nd2 Qd7 12.Qc2 Nh7 13.Nb3 f5 14.Nxc5 dxc5 15.f3 Bf6 16.Bxf6 Nxf6
17.exf5 gxf5 18.Rae1 Qg7 19.Bd3 Nh5 20.Ne2 Bd7 21.Qc3 b6 22.f4 e4 23.Bc2 Nf6
24.Qe5 Rae8 25.Qxc7 Ng4 26.Ng3 Rc8 27.Qxb6 Qd4+ 28.Kh1 Rf6 29.Qxa5 Nf2+ 30.Rxf2 Qxf2
31.Qc3 Rg6 32.Rf1 Qd4 33.Ne2 Qxc3 34.Nxc3 Kf7 35.Bd1 Ke7 36.g3 Rb6 37.Rf2 Rcb8
38.b3 Rc8 39.Kg2 Kf7 40.Bh5+ Kg7 41.h3 Rf8 42.Nd1 Ra6 43.Rb2 Rfa8 44.Nc3 Rf8
45.Kf2 Rb6 46.Ke3 Be8 47.Bxe8 Rxe8 48.Na4 Rg6 49.Rg2 Rc8 50.g4 Kf7 51.Rd2 fxg4
52.hxg4 Rxg4 53.d6 Re8 54.Nxc5 Rg3+ 55.Kd4 e3 56.Re2 Rf3 57.Nd3 Ke6 58.c5 h5
59.Ke4 Rg3 60.Ne5  1-0

[Event "New York Marshall/Enhance"]
[Site "New York"]
[Date "1994.??.??"]
[Round "2"]
[White "Ivanov, Igor V"]
[Black "Zlotnikov, Mikhail"]
[Result "0-1"]
[WhiteElo "2485"]
[BlackElo "2390"]

1.d4 g6 2.c4 Bg7 3.e4 d6 4.Nf3 Nd7 5.Nc3 e5 6.d5 Ngf6 7.Bg5 h6 8.Bh4 O-O
9.Nd2 c6 10.Be2 a5 11.O-O Nc5 12.b3 Bd7 13.a3 Rc8 14.b4 Na6 15.dxc6 bxc6
16.Rb1 Rb8 17.b5 Nc5 18.Nb3 Nb7 19.Bxf6 Bxf6 20.Bg4 Be8 21.a4 Kg7 22.Qd3 Bg5
23.Rfd1 Qc7 24.Rb2 Rd8 25.Qe2 h5 26.Bh3 Qb6 27.Rdb1 Qa7 28.g3 h4 29.Qg4 Bf6
30.Qf3 Bg5 31.Qg4 Bf6 32.bxc6 Bxc6 33.Nd5 hxg3 34.hxg3 Rh8 35.Bg2 Rd7 36.Bf1 Bd8
37.c5 dxc5 38.Bb5 f5 39.Qe2 Bxb5 40.axb5 Bf6 41.b6 Qb8 42.Rc2 Qd6 43.Qb5 Rf7
44.Nxc5 fxe4 45.Nxf6 Qxf6 46.Nxe4 Qf5 47.Re1 Qh5  0-1

[Event "New York op"]
[Site "New York"]
[Date "1994.??.??"]
[Round "3"]
[White "Akopian, Vladimir"]
[Black "Ivanov, Igor V"]
[Result "1-0"]
[WhiteElo "2605"]
[BlackElo "2480"]

1.d4 Nf6 2.c4 d6 3.Nc3 g6 4.g3 Bg7 5.Bg2 O-O 6.Nf3 Nbd7 7.O-O e5 8.h3 a6
9.dxe5 Nxe5 10.Nxe5 dxe5 11.Bg5 Qxd1 12.Rfxd1 Rb8 13.Nd5 Nxd5 14.cxd5 f6
15.Be3 Bd7 16.Rac1 Rfc8 17.d6 c6 18.Bb6 Kf7 19.Rd3 Be6 20.d7 Rd8 21.Bc7 Ra8
22.Bxd8 Rxd8 23.e3 Ke7 24.b3 f5 25.Rd2 e4 26.Bf1 Bxd7 27.h4 Be5 28.b4 b5
29.Be2 h6 30.Rcd1 g5 31.hxg5 hxg5 32.Kg2 g4 33.a3 Ke6 34.Rc1 Rh8 35.Bd1 Ke7
36.Bb3 Rh6 37.Rc5 Bd6 38.Rc1 Be8 39.Rdc2 Bc7 40.Bd5 Bxg3 41.Bxe4 Bxf2 42.Rxf2 fxe4
43.Rf4 Bd7 44.Rxe4+ Kd8 45.Rd1 Rg6 46.Red4 Rg7 47.e4 Kc7 48.Kg3 Rf7 49.R1d3 Be6
50.e5 Re7 51.Re3 Bc8 52.Rf4 c5 53.bxc5 Kc6 54.Rf8 Be6 55.Ra8 Kxc5 56.Rxa6 Kd4
57.Re1 Bd5 58.e6 Bc4 59.Kf4 g3 60.Re4+ Kd3 61.Rd6+ Kc2 62.Kxg3 Kc3 63.Re3+  1-0

[Event "New York Marshall/Enhance"]
[Site "New York"]
[Date "1994.??.??"]
[Round "5"]
[White "Ivanov, Igor V"]
[Black "Ashley, Maurice"]
[Result "1/2-1/2"]
[WhiteElo "2485"]
[BlackElo "2475"]

1.c4 c5 2.Nf3 Nf6 3.e3 e6 4.d4 d5 5.Nc3 Nc6 6.cxd5 exd5 7.Bb5 a6 8.Bxc6+ bxc6
9.O-O Bd6 10.dxc5 Bxc5 11.b3 O-O 12.Bb2 Bg4 13.Rc1 Bd6 14.Ne2 Rc8 15.Ng3 Re8
16.Qd3 a5 17.Rfd1 Ne4 18.Qd4 Nf6 19.Qa4 Bd7 20.Qh4 Ne4 21.Qxd8  1/2-1/2

[Event "New York op"]
[Site "New York"]
[Date "1994.??.??"]
[Round "6"]
[White "Ivanov, Igor V"]
[Black "Miles, Anthony J"]
[Result "1-0"]
[WhiteElo "2480"]
[BlackElo "2590"]

1.Nf3 d6 2.d4 Bg4 3.e3 Nd7 4.c4 e5 5.Nc3 Ngf6 6.h3 Bh5 7.Be2 Be7 8.O-O O-O
9.b4 Re8 10.a4 exd4 11.Nxd4 Bxe2 12.Qxe2 Bf8 13.Rd1 g6 14.Ba3 c6 15.b5 Qc7
16.Rac1 Ne5 17.Nf3 Rad8 18.Ng5 Qe7 19.Rd4 c5 20.Rdd1 Ned7 21.Bb2 a5 22.bxa6 bxa6
23.Rd2 h6 24.Nf3 Nb8 25.Nh2 h5 26.g4 Nbd7 27.gxh5 Nxh5 28.Nd5 Qh4 29.Qg4 Re4
30.f4 Be7 31.Nf3 Qxg4+ 32.hxg4 Ng7 33.Rh2 f5 34.gxf5 gxf5 35.Rg2 Bf8 36.Kh1 Re6
37.Rh2 Rg6 38.Nh4 Rg4 39.Bxg7 Kxg7 40.Nxf5+ Kg6 41.Nh4+ Kf7 42.Rb1 Rb8 43.Rxb8 Nxb8
44.Nf3 Nc6 45.Rg2 Rg6 46.Rxg6 Kxg6 47.Kg2 Kf5 48.Nd2 Kg4 49.Kf2 Bg7 50.Ne4 Bf8
51.Nc7 Kf5 52.Kf3 Nb4 53.Ng3+ Kf6 54.Ke4 Kf7 55.Nf5 Kf6 56.Nd5+ Ke6 57.Nxb4 cxb4
58.Nd4+ Kd7 59.Kd5 Bg7 60.Nb3 Bf8 61.e4 Be7 62.f5 Bh4 63.c5 dxc5 64.Nxc5+ Ke7
65.Nd3 a5 66.Nc5 Bf2 67.Nb3 Bb6 68.Kc6 Bd8 69.e5 Ke8  1-0

[Event "New York op"]
[Site "New York"]
[Date "1994.??.??"]
[Round "7"]
[White "Ivanov, Igor V"]
[Black "Shabalov, Alexander"]
[Result "1/2-1/2"]
[WhiteElo "2480"]
[BlackElo "2590"]

1.d4 d5 2.c4 c6 3.cxd5 cxd5 4.Nf3 Nc6 5.Nc3 Nf6 6.Bf4 Ne4 7.e3 Nxc3 8.bxc3 g6
9.Bb5 Bg7 10.Ne5 Bxe5 11.Bxe5 O-O 12.Bxc6 bxc6 13.Qa4 Bf5 14.O-O Qb6 15.Qb4 Rfe8
16.h3 f6 17.Bg3 Rac8 18.a4 Kf7 19.Qxb6 axb6 20.a5 bxa5 21.Rxa5 c5 22.Rfa1 cxd4
23.cxd4 Red8 24.Ra7 Rd7 25.Rxd7 Bxd7 26.Ra7 Ke6 27.Bc7 Bc6 28.g4 Ra8 29.Rxa8  1/2-1/2

[Event "New York op"]
[Site "New York"]
[Date "1994.??.??"]
[Round "8"]
[White "Gulko, Boris F"]
[Black "Ivanov, Igor V"]
[Result "1/2-1/2"]
[WhiteElo "2615"]
[BlackElo "2480"]

1.d4 Nf6 2.c4 e6 3.Nf3 d5 4.Nc3 Nbd7 5.Qc2 dxc4 6.e4 c5 7.dxc5 Bxc5 8.Bxc4 Ng4
9.O-O a6 10.Bf4 Qf6 11.Qd2 Nge5 12.Nxe5 Nxe5 13.Be2 O-O 14.Bg5 Qg6 15.Be3 Bxe3
16.Qxe3 Bd7 17.f4 Ng4 18.Qg3 Nh6 19.Qxg6 hxg6 20.Rad1 Rfd8 21.Rd2 Bc6 22.Rfd1 Rxd2
23.Rxd2 Kf8 24.Kf2 Ke7 25.e5 f6 26.exf6+  1/2-1/2

[Event "New York op"]
[Site "New York"]
[Date "1994.??.??"]
[Round "9"]
[White "Van Wely, Loek"]
[Black "Ivanov, Igor V"]
[Result "1/2-1/2"]
[WhiteElo "2570"]
[BlackElo "2480"]

1.d4 Nf6 2.c4 e6 3.Nf3 d5 4.Nc3 Nbd7 5.Bg5 h6 6.Bh4 dxc4 7.e4 Be7 8.Qc2 Nb6
9.O-O-O O-O 10.Ne5 Nfd7 11.Bxe7 Qxe7 12.Nxc4 Nxc4 13.Bxc4 Nb6 14.Bb3 c5 15.dxc5 Qxc5
16.Kb1 Bd7 17.h4 Rfd8 18.g4 Rac8 19.g5 hxg5 20.hxg5 Qxg5 21.Rdg1 Qf4 22.Qe2 Rxc3
23.bxc3 Bc6 24.Rg4 Rd2 25.Rxf4 Rxe2 26.f3 Rg2 27.Rd1 Nd7 28.Kc1 Rh2 29.Rg4 Rh3
30.Rdg1 Rxf3 31.Rxg7+ Kf8 32.R7g3 Rxg3 33.Rxg3 Bxe4 34.Kd2 e5 35.Bc2 Bc6
36.c4 Ke7 37.Bf5 Nc5 38.Ke3 Ne6 39.Be4 Nd4 40.Rg8 Kd6 41.Bxc6 Nxc6 42.Rf8 Ke7
43.Rc8 Kd7 44.Rf8 Ke7 45.Rc8 Kd7  1/2-1/2

[Event "World op"]
[Site "Philadelphia"]
[Date "1994.??.??"]
[Round "?"]
[White "Ivanov, Igor V"]
[Black "Azmaiparashvili, Zurab"]
[Result "1-0"]
[WhiteElo "2480"]
[BlackElo "2625"]

1.d4 d6 2.c4 e5 3.Nf3 exd4 4.Nxd4 g6 5.g3 Bg7 6.Bg2 Ne7 7.Nc3 O-O 8.Bg5 h6
9.Be3 Nd7 10.Qd2 Kh7 11.f4 Nf6 12.h3 d5 13.cxd5 Nfxd5 14.Nxd5 Nxd5 15.Bf2 Re8
16.Rd1 Nf6 17.Nb5 Qe7 18.O-O Ne4 19.Qc2 Nxf2 20.Rxf2 c6 21.Nd6 Rd8 22.Nxc8 Rxd1+
23.Qxd1 Rxc8 24.e4 Rd8 25.Rd2 Bd4+ 26.Kh1 c5 27.Qb3 f6 28.h4 b6 29.Qf3 Qe6
30.b3 b5 31.f5 gxf5 32.Bh3 fxe4 33.Bf5+ Kh8 34.Qh5 Qe7 35.Qxh6+ Kg8 36.Qg6+ Qg7
37.Bxe4 Qxg6 38.Bxg6 Kg7 39.Bf5 a5 40.Kg2 a4 41.bxa4 bxa4 42.Kf3 Rb8 43.g4 Rh8
44.h5 Re8 45.Rd3 Kh6 46.Ra3 Kg5 47.Be4 c4 48.Rxa4 Rc8 49.Bf5 Rc7 50.Ra8 c3
51.Rg8+ Kh4 52.Bc2 f5 53.h6 Bf6 54.gxf5 Rd7 55.Rg2 Be5 56.Ke4 Bh8 57.a4 Kh5
58.h7 Kh6 59.Rh2+ Kg5 60.Ke3 Re7+ 61.Kf2  1-0

[Event "World op"]
[Site "Philadelphia"]
[Date "1994.??.??"]
[Round "?"]
[White "Kreiman, Boris"]
[Black "Ivanov, Igor V"]
[Result "0-1"]
[WhiteElo "2425"]
[BlackElo "2480"]

1.e4 c5 2.Nf3 d6 3.d4 cxd4 4.Nxd4 Nf6 5.Nc3 Nc6 6.Bc4 e6 7.Bb3 Be7 8.Be3 a6
9.f4 O-O 10.O-O Nxd4 11.Bxd4 b5 12.e5 dxe5 13.fxe5 Nd7 14.Ne4 Bb7 15.Nd6 Bxd6
16.exd6 Qg5 17.Rf2 Rac8 18.a4 Bd5 19.Bxd5 Qxd5 20.axb5 e5 21.Bc3 Qxb5 22.Qe2 Rc4
23.Kh1 Rfc8 24.h3 f6 25.Rff1 R4c6 26.Qd2 Nb6 27.d7 Rd8 28.Qf2 Nc4 29.b3 Nd6
30.Qf3 Rxd7 31.Ra5 Qb7 32.Bxe5 Rxc2 33.Rd5 Nf7 34.Rxd7 Qxd7 35.Bf4 Qc6 36.Qg4 h5
37.Qg6 Nh8 38.Qg3 Rc3 39.Qf2 Rxh3+  0-1

[Event "World op"]
[Site "Philadelphia"]
[Date "1994.??.??"]
[Round "?"]
[White "Van Wely, Loek"]
[Black "Ivanov, Igor V"]
[Result "1-0"]
[WhiteElo "2570"]
[BlackElo "2480"]

1.d4 Nf6 2.c4 e6 3.Nf3 d5 4.Nc3 Nbd7 5.cxd5 exd5 6.Bg5 c6 7.e3 Qa5 8.Nd2 Bb4
9.Qc2 O-O 10.Bd3 Re8 11.O-O Bxc3 12.Qxc3 Qxc3 13.bxc3 Ne4 14.Nxe4 dxe4 15.Be2 h6
16.Bh4 Nb6 17.c4 Na4 18.Rfc1 c5 19.Rab1 b6 20.f3 Bf5 21.Bd1 Bd7 22.fxe4 cxd4
23.exd4 Rxe4 24.Bf2 Rc8 25.Bf3 Ree8 26.c5 bxc5 27.dxc5 Bc6 28.Bxc6 Rxc6 29.Rc4 Nb6
30.cxb6 Rxc4 31.b7 Kh7 32.Bxa7 Ra4 33.b8=Q Rxb8 34.Bxb8 Rxa2 35.h4 Ra4 36.g3 Ra2
37.Rb6 f6 38.Rb5 Kg6 39.Bf4 h5 40.Be3 Re2 41.Bf4 Rc2 42.Rb7 Ra2 43.Bd6 Ra6
44.Bc5 Rc6 45.Rb5 Kf5 46.Kg2 Kg4 47.Rb4+ Kf5 48.Be3 Re6 49.Kf3 Re8 50.Rb7 Kg6
51.Rd7 Re6 52.Ke2 Re4 53.Kd3 Ra4 54.Bf4 Rb4 55.Ra7 Kh7 56.Bd6 Rb6 57.Rd7 Rb5
58.Kc4 Ra5 59.Bf8 Ra8 60.Bc5 Kg6 61.Kd5 Ra2 62.Bf8 Ra8 63.Bd6 Ra1 64.Kc6 Ra8
65.Rb7 Ra6+ 66.Kd5 Ra2 67.Re7 Ra8 68.Ke6 Rg8 69.Bc7 Rc8 70.Kd7 Ra8 71.Re4 Kf7
72.Rc4 Ra3 73.Bd6 Re3 74.Rc5 Kg6 75.Kd8 Re6 76.Rd5 Re3 77.Bc7 Ra3 78.Ke8 Ra8+
79.Rd8 Ra4 80.Kf8 Kh7 81.Rd7 Rg4 82.Bf4  1-0

[Event "World op"]
[Site "Philadelphia"]
[Date "1994.??.??"]
[Round "?"]
[White "Solomon, Daniela"]
[Black "Ivanov, Igor V"]
[Result "0-1"]
[WhiteElo "2275"]
[BlackElo "2480"]

1.c4 e5 2.Nc3 Nf6 3.g3 Bb4 4.Bg2 Bxc3 5.bxc3 Nc6 6.e4 O-O 7.Ne2 d6 8.d3 Ne8
9.O-O f5 10.exf5 Bxf5 11.f4 Qd7 12.d4 e4 13.d5 Na5 14.Nd4 Nf6 15.Nxf5 Qxf5
16.Qe2 Rae8 17.Be3 Qg4 18.Qf2 Nxc4 19.h3 Qh5 20.Rad1 Nxd5 21.Bxa7 b6 22.Rfe1 Nce3  0-1